| 000 | 01640nam a2200373 c 4500 | ||
|---|---|---|---|
| 003 | BLK | ||
| 005 | 20220820113025.0 | ||
| 008 | 180411b bul|||||r ||||||| ||bul|| | ||
| 010 | _aKNG00184240000 | ||
| 020 |
_a978-954-27-1606-8 _bиздат.: Егмонт България |
||
| 040 | _aBLK | ||
| 041 |
_aBUL _cBUL |
||
| 072 | 7 |
_2bullib _aН85 _xДетска художествена литература Н |
|
| 080 |
_aАмериканска литература (на САЩ) _b821.111(73) _x-93-91 _z821.111(73)-93-91 |
||
| 700 | 1 |
_aГрийн, Рико _eадапт. _9340260 |
|
| 700 | 1 |
_aМакГибън, Джозан _eсценарист _9340261 |
|
| 700 | 1 |
_aПариът, Сара _eсценарист _9106776 |
|
| 700 | 1 |
_aГеоргиева, Кристина _eпрев. _9380209 |
|
| 139 |
_aГрийн, Рико _bГ 82 |
||
| 245 | 1 | 0 |
_aНаследниците _bИст. от филма : С 8 с. сн. _cадапт. Рико Грийн; сценарист Джозан МакГибън; сценарист Сара Париът; прев. Кристина Георгиева. |
| 257 | _aUSA | ||
| 260 |
_аСофия _bЕгмонт България _c2015 _fСофия : Инвестпрес |
||
| 300 |
_a144 с., 4 л. _bсн. _c21 см |
||
| 380 | _aDX | ||
| 500 | _aОриг. загл. Descendants, A Novelization. | ||
| 653 | _aлитература за деца | ||
| 653 | _aдетска литература | ||
| 659 | _aН | ||
| 852 | _aЦб 277753 | ||
| 856 | 4 |
_qpdf _u |
|
| 856 | 4 |
_qpdf _u |
|
| 942 |
_cKNG _n0 _08 |
||
| 944 |
_aCR _c28.10.2015 _lф / _kВиолета_Тройчева |
||
| 944 |
_aED _c25.05.2016 _lф / _kВиолета_Тройчева |
||
| 999 |
_c175646 _d175646 |
||